[Event "9th Vellmar Chess Days"]
[Site "chess24.com"]
[Date "2017.07.16"]
[Round "6"]
[White "Lesny, Florian"]
[Black "Gerhardt, Dirk"]
[Result "1/2-1/2"]
[Board "28"]
[WhiteElo "1997"]
[WhiteCountry "GER"]
[WhiteFideId "12973874"]
[WhiteEloChange "-3"]
[BlackElo "1878"]
[BlackCountry "GER"]
[BlackFideId "4665139"]
[BlackEloChange "3"]

1. e4 {[%clk 1:30:58]} g6 {[%clk 1:30:53]} 2. d4 {[%clk 1:31:13]} c6 {[%clk
1:31:16]} 3. Nc3 {[%clk 1:31:28]} d5 {[%clk 1:31:35]} 4. h3 {[%clk 1:31:40]} Bg7
{[%clk 1:30:59]} 5. Nf3 {[%clk 1:30:17]} dxe4 {[%clk 1:28:12]} 6. Nxe4 {[%clk
1:30:24]} Nd7 {[%clk 1:28:40]} 7. Bc4 {[%clk 1:30:05]} Nb6 {[%clk 1:22:15]} 8.
Bb3 {[%clk 1:25:14]} Nd5 {[%clk 1:17:58]} 9. O-O {[%clk 1:23:21]} Ngf6 {[%clk
1:14:49]} 10. Nxf6+ {[%clk 1:22:36]} Nxf6 {[%clk 1:14:04]} 11. Re1 {[%clk
1:16:16]} O-O {[%clk 1:07:52]} 12. c3 {[%clk 1:10:44]} Bf5 {[%clk 1:01:54]} 13.
Nh4 {[%clk 1:04:08]} Qd6 {[%clk 0:50:24]} 14. Nxf5 {[%clk 1:00:35]} gxf5 {[%clk
0:50:49]} 15. Qf3 {[%clk 0:59:55]} e6 {[%clk 0:51:07]} 16. Bf4 {[%clk 0:59:10]}
Qd7 {[%clk 0:51:27]} 17. Be5 {[%clk 0:57:51]} Kh8 {[%clk 0:51:46]} 18. Kh1 {[%clk
0:51:30]} Rg8 {[%clk 0:45:34]} 19. Rad1 {[%clk 0:49:38]} Qe7 {[%clk 0:39:45]} 20.
Bc2 {[%clk 0:45:40]} Qf8 {[%clk 0:39:55]} 21. Bxf6 {[%clk 0:35:17]} Bxf6 {[%clk
0:37:21]} 22. g4 {[%clk 0:29:45]} f4 {[%clk 0:32:35]} 23. Qxf4 {[%clk 0:28:43]}
Bg5 {[%clk 0:30:36]} 24. Qe4 {[%clk 0:24:25]} Qh6 {[%clk 0:30:14]} 25. Rd3 {[%clk
0:23:08]} Rg7 {[%clk 0:30:23]} 26. Rf3 {[%clk 0:18:49]} Rag8 {[%clk 0:30:51]} 27.
Rg1 {[%clk 0:17:49]} Bd8 {[%clk 0:25:10]} 28. Qf4 {[%clk 0:16:31]} 1/2-1/2

[Event "9th Vellmar Chess Days"]
[Site "chess24.com"]
[Date "2017.07.16"]
[Round "6"]
[White "Ziegenfuss, Antonia"]
[Black "Oezdemir, Ali Oezden"]
[Result "1-0"]
[Board "29"]
[WhiteElo "1879"]
[WhiteCountry "GER"]
[WhiteFideId "12962554"]
[WhiteEloChange "13"]
[BlackElo "1997"]
[BlackCountry "GER"]
[BlackFideId "12952745"]
[BlackEloChange "-13"]

1. d4 {[%clk 1:30:58]} Nf6 {[%clk 1:24:36]} 2. c4 {[%clk 1:31:21]} g6 {[%clk
1:24:55]} 3. Nc3 {[%clk 1:31:38]} Bg7 {[%clk 1:25:23]} 4. e4 {[%clk 1:31:34]} d6
{[%clk 1:25:46]} 5. Be2 {[%clk 1:31:51]} O-O {[%clk 1:26:09]} 6. Be3 {[%clk
1:32:06]} e5 {[%clk 1:26:34]} 7. d5 {[%clk 1:32:18]} Nbd7 {[%clk 1:26:56]} 8. g4
{[%clk 1:31:52]} Nc5 {[%clk 1:27:21]} 9. f3 {[%clk 1:32:13]} a5 {[%clk 1:27:45]}
10. h4 {[%clk 1:26:41]} c6 {[%clk 1:27:48]} 11. h5 {[%clk 1:20:59]} cxd5 {[%clk
1:28:16]} 12. cxd5 {[%clk 1:20:31]} b6 {[%clk 1:26:19]} 13. Qd2 {[%clk 1:17:57]}
a4 {[%clk 1:23:59]} 14. Nh3 {[%clk 1:10:11]} Bd7 {[%clk 1:11:09]} 15. Nf2 {[%clk
0:52:11]} Re8 {[%clk 1:06:47]} 16. Kf1 {[%clk 0:39:18]} Qb8 {[%clk 0:59:23]} 17.
Kg2 {[%clk 0:36:39]} b5 {[%clk 0:55:31]} 18. Rag1 {[%clk 0:33:54]} b4 {[%clk
0:55:38]} 19. Nb1 {[%clk 0:32:20]} Bb5 {[%clk 0:54:46]} 20. Rh2 {[%clk 0:28:01]}
Rc8 {[%clk 0:51:50]} 21. Kh1 {[%clk 0:23:49]} Qb7 {[%clk 0:45:40]} 22. g5 {[%clk
0:19:10]} Ne8 {[%clk 0:39:31]} 23. Ng4 {[%clk 0:18:59]} Bxe2 {[%clk 0:38:39]} 24.
Qxe2 {[%clk 0:19:23]} Qa6 {[%clk 0:33:41]} 25. Qe1 {[%clk 0:18:16]} Qc4 {[%clk
0:26:52]} 26. Qh4 {[%clk 0:15:33]} Nxe4 {[%clk 0:11:50]} 27. hxg6 {[%clk
0:12:26]} hxg6 {[%clk 0:11:42]} 28. Nh6+ {[%clk 0:11:27]} Kf8 {[%clk 0:10:39]}
29. fxe4 {[%clk 0:11:23]} Qxa2 {[%clk 0:11:07]} 30. Rf2 {[%clk 0:11:09]} Rc7
{[%clk 0:09:36]} 31. Rgf1 {[%clk 0:11:31]} f5 {[%clk 0:07:00]} 32. gxf6 {[%clk
0:09:46]} Bh8 {[%clk 0:07:28]} 33. Ng4 {[%clk 0:09:22]} 1-0

[Event "9th Vellmar Chess Days"]
[Site "chess24.com"]
[Date "2017.07.16"]
[Round "6"]
[White "Reinecke, Katharina"]
[Black "Krausse, Eckhard"]
[Result "1/2-1/2"]
[Board "30"]
[WhiteElo "1877"]
[WhiteCountry "GER"]
[WhiteFideId "12929727"]
[WhiteEloChange "3"]
[BlackElo "1993"]
[BlackCountry "GER"]
[BlackFideId "4638174"]
[BlackEloChange "-3"]

1. d4 {[%clk 1:30:59]} Nf6 {[%clk 1:28:57]} 2. c4 {[%clk 1:31:21]} c5 {[%clk
1:28:56]} 3. d5 {[%clk 1:31:44]} e6 {[%clk 1:28:52]} 4. Nc3 {[%clk 1:31:43]} exd5
{[%clk 1:24:17]} 5. cxd5 {[%clk 1:31:09]} d6 {[%clk 1:23:54]} 6. Nf3 {[%clk
1:30:35]} Na6 {[%clk 1:18:14]} 7. g3 {[%clk 1:25:50]} g6 {[%clk 1:16:00]} 8. Bg2
{[%clk 1:25:41]} Bg7 {[%clk 1:14:46]} 9. O-O {[%clk 1:25:25]} O-O {[%clk
1:15:00]} 10. Nd2 {[%clk 1:21:02]} Rb8 {[%clk 1:11:57]} 11. a4 {[%clk 1:20:35]}
Nb4 {[%clk 1:08:40]} 12. Nc4 {[%clk 1:18:11]} Ne8 {[%clk 0:58:36]} 13. Bf4 {[%clk
1:12:34]} g5 {[%clk 0:58:21]} 14. Bd2 {[%clk 1:10:32]} a6 {[%clk 0:54:54]} 15. a5
{[%clk 1:09:02]} Bd7 {[%clk 0:54:43]} 16. Qb3 {[%clk 1:01:31]} f5 {[%clk
0:46:07]} 17. Nd1 {[%clk 0:55:58]} f4 {[%clk 0:41:03]} 18. Bxb4 {[%clk 0:42:30]}
cxb4 {[%clk 0:39:06]} 19. Qxb4 {[%clk 0:42:21]} Qf6 {[%clk 0:37:15]} 20. Nc3
{[%clk 0:40:20]} Bf5 {[%clk 0:36:39]} 21. Ne4 {[%clk 0:37:37]} Bxe4 {[%clk
0:35:33]} 22. Bxe4 {[%clk 0:37:47]} Qd4 {[%clk 0:30:10]} 23. Bg2 {[%clk 0:35:06]}
Rc8 {[%clk 0:27:22]} 24. b3 {[%clk 0:34:18]} fxg3 {[%clk 0:27:13]} 25. hxg3
{[%clk 0:34:30]} Be5 {[%clk 0:26:40]} 26. Rad1 {[%clk 0:32:36]} Qg4 {[%clk
0:26:34]} 27. Qxb7 {[%clk 0:26:09]} Rc7 {[%clk 0:24:20]} 28. Qxa6 {[%clk
0:21:10]} Bd4 {[%clk 0:19:39]} 29. e3 {[%clk 0:17:18]} Bc5 {[%clk 0:19:51]} 30.
Nd2 {[%clk 0:06:38]} Re7 {[%clk 0:16:52]} 31. Qc4 {[%clk 0:05:53]} Qh5 {[%clk
0:15:26]} 32. Ne4 {[%clk 0:04:49]} Nf6 {[%clk 0:15:45]} 33. Nxf6+ {[%clk
0:04:26]} Rxf6 {[%clk 0:16:07]} 34. Rfe1 {[%clk 0:02:28]} Ref7 {[%clk 0:15:59]}
35. Qe2 {[%clk 0:02:05]} g4 {[%clk 0:16:18]} 36. Rc1 {[%clk 0:01:12]} Rxf2 {[%clk
0:15:18]} 37. Qxf2 {[%clk 0:01:24]} Rxf2 {[%clk 0:15:42]} 38. Kxf2 {[%clk
0:01:54]} Qf5+ {[%clk 0:15:53]} 39. Ke2 {[%clk 0:01:08]} Bb4 {[%clk 0:14:04]} 40.
Rf1 {[%clk 0:00:46]} Qd7 {[%clk 0:10:41]} 41. Rc4 {[%clk 0:22:59]} Bxa5 {[%clk
0:40:31]} 42. Rff4 {[%clk 0:21:15]} h5 {[%clk 0:40:18]} 43. b4 {[%clk 0:20:21]}
Bd8 {[%clk 0:38:03]} 44. Be4 {[%clk 0:18:02]} Qa7 {[%clk 0:35:50]} 45. Bf5 {[%clk
0:15:46]} Kg7 {[%clk 0:30:46]} 46. Be6 {[%clk 0:14:53]} Bf6 {[%clk 0:30:31]} 47.
Rc8 {[%clk 0:12:13]} Qa2+ {[%clk 0:29:33]} 48. Kf1 {[%clk 0:10:33]} Qa1+ {[%clk
0:29:28]} 49. Kg2 {[%clk 0:10:25]} Qb2+ {[%clk 0:29:50]} 50. Rf2 {[%clk 0:08:54]}
Qe5 {[%clk 0:30:12]} 51. Rg8+ {[%clk 0:07:56]} Kh7 {[%clk 0:30:33]} 1/2-1/2

[Event "9th Vellmar Chess Days"]
[Site "chess24.com"]
[Date "2017.07.16"]
[Round "6"]
[White "Ernst, Rolf"]
[Black "Weber, Andreas"]
[Result "1-0"]
[Board "31"]
[WhiteElo "1974"]
[WhiteTitle "FM"]
[WhiteCountry "GER"]
[WhiteFideId "4611101"]
[WhiteEloChange "5"]
[BlackElo "1795"]
[BlackCountry "GER"]
[BlackFideId "24652504"]
[BlackEloChange "-5"]

1. d4 {[%clk 1:30:53]} d5 {[%clk 1:30:53]} 2. c4 {[%clk 1:31:16]} e6 {[%clk
1:31:18]} 3. Nc3 {[%clk 1:31:25]} c5 {[%clk 1:31:42]} 4. e3 {[%clk 1:31:14]} Nf6
{[%clk 1:29:50]} 5. Nf3 {[%clk 1:28:53]} a6 {[%clk 1:29:34]} 6. cxd5 {[%clk
1:19:23]} exd5 {[%clk 1:29:32]} 7. Be2 {[%clk 1:14:54]} Nc6 {[%clk 1:22:50]} 8.
O-O {[%clk 1:15:10]} Be7 {[%clk 1:20:37]} 9. a3 {[%clk 1:11:47]} O-O {[%clk
1:19:36]} 10. dxc5 {[%clk 1:12:02]} Bxc5 {[%clk 1:20:01]} 11. b4 {[%clk 1:12:22]}
Ba7 {[%clk 1:19:11]} 12. Bb2 {[%clk 1:12:15]} Be6 {[%clk 1:13:36]} 13. Rc1 {[%clk
1:04:40]} Rc8 {[%clk 1:12:52]} 14. b5 {[%clk 1:02:02]} axb5 {[%clk 1:07:33]} 15.
Nxb5 {[%clk 1:02:13]} Bb8 {[%clk 1:06:31]} 16. Nbd4 {[%clk 0:55:14]} Bg4 {[%clk
0:58:52]} 17. Qb3 {[%clk 0:51:24]} Na5 {[%clk 0:51:57]} 18. Qb5 {[%clk 0:47:28]}
Rxc1 {[%clk 0:49:15]} 19. Rxc1 {[%clk 0:47:40]} Bd7 {[%clk 0:49:26]} 20. Qd3
{[%clk 0:47:23]} Nc4 {[%clk 0:42:01]} 21. Ba1 {[%clk 0:45:55]} b5 {[%clk
0:34:30]} 22. Rd1 {[%clk 0:43:21]} Qe7 {[%clk 0:19:15]} 23. Nc2 {[%clk 0:41:40]}
Nb6 {[%clk 0:10:17]} 24. Nb4 {[%clk 0:39:32]} Be6 {[%clk 0:03:45]} 25. Qxb5
{[%clk 0:38:35]} Nc4 {[%clk 0:04:07]} 26. Bxf6 {[%clk 0:36:18]} gxf6 {[%clk
0:04:01]} 27. Nxd5 {[%clk 0:36:25]} Bxd5 {[%clk 0:04:02]} 28. Qxd5 {[%clk
0:36:43]} Nxe3 {[%clk 0:04:17]} 29. fxe3 {[%clk 0:36:38]} Qxe3+ {[%clk 0:04:42]}
30. Kh1 {[%clk 0:35:08]} Qxe2 {[%clk 0:04:46]} 31. Re1 {[%clk 0:35:22]} Qa6
{[%clk 0:01:43]} 32. Qf5 {[%clk 0:35:19]} Qc8 {[%clk 0:00:37]} 33. Qxf6 {[%clk
0:35:23]} Re8 {[%clk 0:31:26]} 34. Qg5+ {[%clk 1:05:55]} Kh8 {[%clk 0:31:35]} 35.
Qf6+ {[%clk 1:05:10]} Kg8 {[%clk 0:32:00]} 36. Rxe8+ {[%clk 1:05:10]} Qxe8 {[%clk
0:32:00]} 37. g3 {[%clk 1:05:10]} Ba7 {[%clk 0:32:00]} 38. Kg2 {[%clk 1:05:10]}
Qe2+ {[%clk 0:32:00]} 39. Kh3 {[%clk 1:05:10]} Qd3 {[%clk 0:32:00]} 40. Qxf7+
{[%clk 1:05:10]} Kxf7 {[%clk 0:32:00]} 41. Ne5+ {[%clk 1:05:10]} Ke6 {[%clk
0:32:00]} 42. Nxd3 {[%clk 1:05:10]} Kd5 {[%clk 0:32:00]} 43. Kg4 {[%clk 0:59:58]}
Kc4 {[%clk 0:25:40]} 44. Nf4 {[%clk 1:00:12]} Kb3 {[%clk 0:25:30]} 45. Kf5 {[%clk
0:59:30]} Kxa3 {[%clk 0:24:35]} 46. g4 {[%clk 0:59:45]} h6 {[%clk 0:23:26]} 47.
h3 {[%clk 1:00:01]} Ka4 {[%clk 0:23:10]} 48. Kg6 {[%clk 1:00:18]} Be3 {[%clk
0:23:29]} 49. Nd5 {[%clk 1:00:30]} Bg5 {[%clk 0:22:39]} 50. Nf6 {[%clk 1:00:58]}
Kb5 {[%clk 0:22:39]} 51. Ng8 {[%clk 1:01:15]} Kc6 {[%clk 0:22:53]} 52. Nxh6
{[%clk 1:01:43]} Bh4 {[%clk 0:22:43]} 53. Nf5 {[%clk 1:02:11]} Be1 {[%clk
0:22:38]} 54. h4 {[%clk 1:02:40]} Kd7 {[%clk 0:22:49]} 55. Kf7 {[%clk 1:02:57]}
1-0

[Event "9th Vellmar Chess Days"]
[Site "chess24.com"]
[Date "2017.07.16"]
[Round "6"]
[White "Stoeber, Alexander"]
[Black "Held, Maurice"]
[Result "1-0"]
[Board "33"]
[WhiteElo "2092"]
[WhiteCountry "GER"]
[WhiteFideId "16211766"]
[WhiteEloChange "3"]
[BlackElo "1819"]
[BlackCountry "GER"]
[BlackFideId "12952761"]
[BlackEloChange "-3"]

1. e4 {[%clk 1:30:57]} c5 {[%clk 1:30:56]} 2. Nc3 {[%clk 1:31:22]} g6 {[%clk
1:31:22]} 3. d3 {[%clk 1:31:44]} Bg7 {[%clk 1:31:47]} 4. g3 {[%clk 1:31:59]} Nc6
{[%clk 1:32:11]} 5. Bg2 {[%clk 1:32:24]} e6 {[%clk 1:32:29]} 6. Be3 {[%clk
1:32:19]} d6 {[%clk 1:32:48]} 7. Qd2 {[%clk 1:32:40]} Nge7 {[%clk 1:32:55]} 8.
Bh6 {[%clk 1:31:07]} Bxh6 {[%clk 1:27:57]} 9. Qxh6 {[%clk 1:31:29]} Nd4 {[%clk
1:28:19]} 10. O-O-O {[%clk 1:24:28]} Ng8 {[%clk 1:27:06]} 11. Qd2 {[%clk
1:21:13]} b5 {[%clk 1:25:17]} 12. Nce2 {[%clk 1:18:06]} e5 {[%clk 1:21:04]} 13.
c3 {[%clk 1:15:08]} Nxe2+ {[%clk 1:20:47]} 14. Nxe2 {[%clk 1:15:22]} Qa5 {[%clk
1:20:09]} 15. Kb1 {[%clk 1:12:00]} Be6 {[%clk 1:18:43]} 16. b3 {[%clk 1:08:36]}
Rb8 {[%clk 1:10:28]} 17. d4 {[%clk 1:02:21]} exd4 {[%clk 0:57:05]} 18. cxd4
{[%clk 1:02:14]} Qxd2 {[%clk 0:57:08]} 19. Rxd2 {[%clk 1:02:34]} Ne7 {[%clk
0:55:40]} 20. Nf4 {[%clk 0:56:42]} c4 {[%clk 0:51:37]} 21. Nxe6 {[%clk 0:53:35]}
fxe6 {[%clk 0:51:57]} 22. Rc1 {[%clk 0:53:33]} O-O {[%clk 0:51:16]} 23. Bh3
{[%clk 0:51:59]} Kf7 {[%clk 0:46:00]} 24. d5 {[%clk 0:40:45]} exd5 {[%clk
0:44:44]} 25. exd5 {[%clk 0:41:08]} Nf5 {[%clk 0:43:49]} 26. Bxf5 {[%clk
0:40:54]} gxf5 {[%clk 0:44:15]} 27. bxc4 {[%clk 0:39:28]} bxc4+ {[%clk 0:44:39]}
28. Rb2 {[%clk 0:39:21]} Rxb2+ {[%clk 0:44:43]} 29. Kxb2 {[%clk 0:39:45]} Rc8
{[%clk 0:42:39]} 30. Kc3 {[%clk 0:40:00]} f4 {[%clk 0:41:16]} 31. gxf4 {[%clk
0:38:48]} Kf6 {[%clk 0:41:37]} 32. Kd4 {[%clk 0:38:27]} Kf5 {[%clk 0:39:14]} 33.
Rxc4 {[%clk 0:37:04]} Rg8 {[%clk 0:36:11]} 34. Rc7 {[%clk 0:36:16]} Kxf4 {[%clk
0:34:50]} 35. Rf7+ {[%clk 0:36:31]} Kg5 {[%clk 0:33:56]} 36. Rxh7 {[%clk
0:36:28]} Rf8 {[%clk 0:33:49]} 37. Rg7+ {[%clk 0:34:10]} Kh4 {[%clk 0:33:20]} 38.
Ke3 {[%clk 0:33:10]} Rf5 {[%clk 0:33:15]} 39. Rxa7 {[%clk 0:31:31]} Rxd5 {[%clk
0:33:41]} 40. a4 {[%clk 0:31:29]} Kh3 {[%clk 0:33:31]} 41. Rh7+ {[%clk 0:30:08]}
Kg4 {[%clk 0:33:17]} 42. h3+ {[%clk 0:29:56]} Kf5 {[%clk 0:33:00]} 43. Rh5+
{[%clk 0:30:19]} 1-0

[Event "9th Vellmar Chess Days"]
[Site "chess24.com"]
[Date "2017.07.16"]
[Round "6"]
[White "Powalla, Christian"]
[Black "Wolff, Michael"]
[Result "0-1"]
[Board "34"]
[WhiteElo "1826"]
[WhiteCountry "GER"]
[WhiteFideId "24658413"]
[WhiteEloChange "-6"]
[BlackElo "1993"]
[BlackCountry "GER"]
[BlackFideId "24607657"]
[BlackEloChange "6"]

1. e4 {[%clk 1:30:57]} c5 {[%clk 1:23:31]} 2. c3 {[%clk 1:30:34]} Nf6 {[%clk
1:23:25]} 3. e5 {[%clk 1:30:52]} Nd5 {[%clk 1:23:50]} 4. d4 {[%clk 1:31:14]} cxd4
{[%clk 1:23:46]} 5. cxd4 {[%clk 1:31:38]} d6 {[%clk 1:23:54]} 6. Nf3 {[%clk
1:30:22]} Nc6 {[%clk 1:23:55]} 7. Bc4 {[%clk 1:29:51]} Nb6 {[%clk 1:17:29]} 8.
Bb3 {[%clk 1:23:39]} dxe5 {[%clk 1:14:53]} 9. Nxe5 {[%clk 1:21:37]} Nxe5 {[%clk
1:14:43]} 10. dxe5 {[%clk 1:22:00]} Qxd1+ {[%clk 1:14:51]} 11. Kxd1 {[%clk
1:21:58]} e6 {[%clk 0:58:14]} 12. Nc3 {[%clk 1:16:26]} Be7 {[%clk 0:51:18]} 13.
Ke2 {[%clk 1:15:23]} O-O {[%clk 0:50:55]} 14. Be3 {[%clk 1:15:43]} Nd7 {[%clk
0:50:45]} 15. f4 {[%clk 1:15:40]} b6 {[%clk 0:46:05]} 16. Ba4 {[%clk 1:12:17]}
Ba6+ {[%clk 0:44:24]} 17. Kf2 {[%clk 1:11:27]} Nc5 {[%clk 0:42:26]} 18. Bc2
{[%clk 1:10:36]} Nd3+ {[%clk 0:35:35]} 19. Bxd3 {[%clk 1:09:03]} Bxd3 {[%clk
0:35:59]} 20. Rhd1 {[%clk 1:09:18]} Rfd8 {[%clk 0:36:03]} 21. a3 {[%clk 1:08:58]}
h6 {[%clk 0:34:00]} 22. Rac1 {[%clk 1:08:34]} Rac8 {[%clk 0:33:11]} 23. Kf3
{[%clk 1:06:26]} Ba6 {[%clk 0:19:52]} 24. Rxd8+ {[%clk 1:03:35]} Rxd8 {[%clk
0:20:07]} 25. Ne4 {[%clk 1:03:34]} Rd7 {[%clk 0:18:38]} 26. Bf2 {[%clk 0:59:43]}
Bb7 {[%clk 0:17:59]} 27. Ke3 {[%clk 0:57:54]} Bxe4 {[%clk 0:13:19]} 28. Kxe4
{[%clk 0:56:07]} Rd2 {[%clk 0:13:10]} 29. Kf3 {[%clk 0:56:21]} Rxb2 {[%clk
0:12:36]} 30. a4 {[%clk 0:55:45]} Rb3+ {[%clk 0:09:44]} 31. Kg4 {[%clk 0:54:17]}
g6 {[%clk 0:07:56]} 32. g3 {[%clk 0:54:05]} h5+ {[%clk 0:06:37]} 33. Kh3 {[%clk
0:53:14]} a6 {[%clk 0:04:19]} 34. Rc7 {[%clk 0:52:52]} Bf8 {[%clk 0:04:14]} 35.
Ra7 {[%clk 0:52:56]} a5 {[%clk 0:02:50]} 36. Rb7 {[%clk 0:52:51]} Rb4 {[%clk
0:02:37]} 37. Rxb6 {[%clk 0:50:39]} Rxa4 {[%clk 0:02:56]} 38. Rb8 {[%clk
0:50:07]} Kg7 {[%clk 0:03:06]} 39. Kg2 {[%clk 0:48:04]} Ra2 {[%clk 0:02:46]} 40.
Kf3 {[%clk 0:47:58]} a4 {[%clk 0:02:28]} 41. h3 {[%clk 0:46:35]} Ra3+ {[%clk
0:26:28]} 42. Ke2 {[%clk 1:17:41]} Ra2+ {[%clk 0:23:38]} 43. Kf3 {[%clk 1:18:03]}
a3 {[%clk 0:23:28]} 44. Rb3 {[%clk 1:17:56]} Rxf2+ {[%clk 0:23:28]} 0-1

[Event "9th Vellmar Chess Days"]
[Site "chess24.com"]
[Date "2017.07.16"]
[Round "6"]
[White "Koerbel, Ekkehard"]
[Black "Schnegelsberg, Karl-Heinz"]
[Result "0-1"]
[Board "35"]
[WhiteElo "1838"]
[WhiteCountry "GER"]
[WhiteFideId "12976148"]
[WhiteEloChange "-6"]
[BlackElo "1973"]
[BlackCountry "GER"]
[BlackFideId "4653335"]
[BlackEloChange "6"]

1. e4 {[%clk 1:30:57]} e6 {[%clk 1:30:54]} 2. d3 {[%clk 1:31:23]} d5 {[%clk
1:31:15]} 3. Nd2 {[%clk 1:31:50]} Nf6 {[%clk 1:31:20]} 4. Ngf3 {[%clk 1:32:07]}
Nc6 {[%clk 1:30:43]} 5. c3 {[%clk 1:32:11]} Bd6 {[%clk 1:30:18]} 6. Be2 {[%clk
1:29:31]} O-O {[%clk 1:24:32]} 7. O-O {[%clk 1:29:46]} e5 {[%clk 1:18:56]} 8.
exd5 {[%clk 1:17:22]} Nxd5 {[%clk 1:19:23]} 9. Nc4 {[%clk 1:17:28]} Re8 {[%clk
1:15:04]} 10. Ng5 {[%clk 0:58:43]} Bf8 {[%clk 1:13:17]} 11. Bh5 {[%clk 0:55:01]}
g6 {[%clk 1:09:31]} 12. Bf3 {[%clk 0:51:19]} h6 {[%clk 1:06:44]} 13. Ne4 {[%clk
0:48:22]} Kh7 {[%clk 1:00:27]} 14. Re1 {[%clk 0:43:02]} f5 {[%clk 0:59:06]} 15.
Ng3 {[%clk 0:34:25]} Bg7 {[%clk 0:56:46]} 16. d4 {[%clk 0:28:28]} e4 {[%clk
0:51:59]} 17. Be2 {[%clk 0:28:51]} f4 {[%clk 0:51:22]} 18. Nf1 {[%clk 0:27:43]}
Bf5 {[%clk 0:47:32]} 19. Bg4 {[%clk 0:26:44]} Qd7 {[%clk 0:43:47]} 20. Bxf5
{[%clk 0:23:38]} Qxf5 {[%clk 0:42:33]} 21. g3 {[%clk 0:18:00]} g5 {[%clk
0:38:47]} 22. g4 {[%clk 0:15:51]} Qg6 {[%clk 0:35:54]} 23. Qc2 {[%clk 0:12:47]}
Rad8 {[%clk 0:31:48]} 24. Nfd2 {[%clk 0:09:58]} Ndb4 {[%clk 0:18:49]} 25. cxb4
{[%clk 0:07:06]} Nxd4 {[%clk 0:18:58]} 26. Qb1 {[%clk 0:04:07]} b5 {[%clk
0:19:07]} 27. Rxe4 {[%clk 0:00:42]} Rxe4 {[%clk 0:15:21]} 28. Qxe4 {[%clk
0:00:59]} bxc4 {[%clk 0:14:02]} 29. Qxg6+ {[%clk 0:01:10]} Kxg6 {[%clk 0:14:07]}
30. Rb1 {[%clk 0:01:01]} Ne2+ {[%clk 0:14:13]} 31. Kf1 {[%clk 0:00:39]} Nxc1
{[%clk 0:14:32]} 32. Rxc1 {[%clk 0:00:31]} Rxd2 {[%clk 0:14:57]} 33. Rxc4 {[%clk
0:00:57]} f3 {[%clk 0:14:49]} 34. Ke1 {[%clk 0:01:21]} Re2+ {[%clk 0:14:51]} 0-1

[Event "9th Vellmar Chess Days"]
[Site "chess24.com"]
[Date "2017.07.16"]
[Round "6"]
[White "Kelm, Daniel"]
[Black "Domroese, Michael"]
[Result "1-0"]
[Board "36"]
[WhiteElo "1950"]
[WhiteCountry "GER"]
[WhiteFideId "12917095"]
[WhiteEloChange "7"]
[BlackElo "1842"]
[BlackCountry "GER"]
[BlackFideId "24696145"]
[BlackEloChange "-7"]

1. d4 {[%clk 1:30:57]} c5 {[%clk 1:30:52]} 2. e3 {[%clk 1:29:31]} cxd4 {[%clk
1:31:10]} 3. exd4 {[%clk 1:29:55]} d5 {[%clk 1:31:12]} 4. Bd3 {[%clk 1:29:34]}
Nc6 {[%clk 1:30:34]} 5. c3 {[%clk 1:29:35]} Nf6 {[%clk 1:30:30]} 6. Bf4 {[%clk
1:29:32]} g6 {[%clk 1:29:04]} 7. h3 {[%clk 1:29:38]} Bg7 {[%clk 1:29:15]} 8. Nf3
{[%clk 1:30:01]} O-O {[%clk 1:29:18]} 9. O-O {[%clk 1:30:25]} Nd7 {[%clk
1:21:31]} 10. Re1 {[%clk 1:29:35]} Re8 {[%clk 1:22:00]} 11. Bh2 {[%clk 1:28:51]}
e5 {[%clk 1:21:26]} 12. dxe5 {[%clk 1:28:55]} Ndxe5 {[%clk 1:21:49]} 13. Na3
{[%clk 1:28:01]} d4 {[%clk 1:06:00]} 14. Nxe5 {[%clk 1:25:21]} Nxe5 {[%clk
1:04:40]} 15. Bb5 {[%clk 1:25:01]} Nc6 {[%clk 1:00:27]} 16. Rxe8+ {[%clk
1:23:31]} Qxe8 {[%clk 1:00:56]} 17. cxd4 {[%clk 1:23:30]} Qe4 {[%clk 0:55:09]}
18. Qe1 {[%clk 1:22:19]} Bf5 {[%clk 0:53:38]} 19. Qxe4 {[%clk 1:19:27]} Bxe4
{[%clk 0:54:06]} 20. Bxc6 {[%clk 1:18:27]} Bxc6 {[%clk 0:54:28]} 21. Be5 {[%clk
1:18:24]} f6 {[%clk 0:52:53]} 22. Bf4 {[%clk 1:18:32]} Rd8 {[%clk 0:52:17]} 23.
Be3 {[%clk 1:18:54]} f5 {[%clk 0:49:55]} 24. Rd1 {[%clk 1:17:51]} Bd5 {[%clk
0:47:08]} 25. b3 {[%clk 1:17:47]} Rc8 {[%clk 0:43:15]} 26. Nc4 {[%clk 1:15:07]}
Bxc4 {[%clk 0:41:34]} 27. bxc4 {[%clk 1:15:18]} Rxc4 {[%clk 0:42:00]} 28. d5
{[%clk 1:15:45]} Rc7 {[%clk 0:37:31]} 29. Bxa7 {[%clk 1:15:21]} Rd7 {[%clk
0:37:40]} 30. Bc5 {[%clk 1:13:31]} Bf8 {[%clk 0:36:33]} 31. Bxf8 {[%clk 1:13:16]}
Kxf8 {[%clk 0:37:02]} 32. g4 {[%clk 1:11:19]} fxg4 {[%clk 0:34:57]} 33. hxg4
{[%clk 1:11:42]} Ke7 {[%clk 0:34:55]} 34. Kg2 {[%clk 1:12:04]} Kd6 {[%clk
0:30:55]} 35. Kg3 {[%clk 1:12:06]} g5 {[%clk 0:20:51]} 36. f4 {[%clk 1:12:29]}
gxf4+ {[%clk 0:21:13]} 37. Kxf4 {[%clk 1:12:54]} Rf7+ {[%clk 0:20:24]} 38. Kg5
{[%clk 1:12:17]} Rg7+ {[%clk 0:20:51]} 39. Kh5 {[%clk 1:11:09]} h6 {[%clk
0:18:44]} 40. Rg1 {[%clk 1:10:00]} Kxd5 {[%clk 0:17:24]} 41. Kxh6 {[%clk
1:10:23]} Rc7 {[%clk 0:09:42]} 42. g5 {[%clk 1:08:02]} Rc2 {[%clk 0:03:37]} 43.
a4 {[%clk 1:08:28]} Ke6 {[%clk 0:02:40]} 44. g6 {[%clk 1:08:13]} Kf6 {[%clk
0:02:16]} 45. Rf1+ {[%clk 1:08:27]} Ke6 {[%clk 0:01:35]} 46. Rf4 {[%clk 1:08:00]}
Rh2+ {[%clk 0:29:32]} 47. Kg5 {[%clk 1:34:24]} Rg2+ {[%clk 0:30:00]} 48. Rg4
{[%clk 1:34:25]} Rb2 {[%clk 0:27:04]} 49. Re4+ {[%clk 1:32:24]} Kd7 {[%clk
0:24:05]} 50. Re5 {[%clk 1:30:53]} Rg2+ {[%clk 0:23:32]} 51. Kf6 {[%clk 1:31:08]}
Rf2+ {[%clk 0:22:39]} 52. Rf5 {[%clk 1:31:16]} Re2 {[%clk 0:21:21]} 53. g7 {[%clk
1:31:36]} Rg2 {[%clk 0:20:58]} 54. Rg5 {[%clk 1:31:55]} Rf2+ {[%clk 0:21:12]} 55.
Kg6 {[%clk 1:32:19]} 1-0

[Event "9th Vellmar Chess Days"]
[Site "chess24.com"]
[Date "2017.07.16"]
[Round "6"]
[White "Knoth, Eugen"]
[Black "Kirchner, Markus"]
[Result "1/2-1/2"]
[Board "37"]
[WhiteElo "1936"]
[WhiteCountry "GER"]
[WhiteFideId "4650395"]
[WhiteEloChange "-3"]
[BlackElo "1820"]
[BlackCountry "GER"]
[BlackFideId "12979163"]
[BlackEloChange "3"]

1. d4 {[%clk 1:30:58]} f5 {[%clk 1:30:54]} 2. Nf3 {[%clk 1:31:15]} g6 {[%clk
1:31:05]} 3. Bf4 {[%clk 1:31:39]} Nf6 {[%clk 1:31:15]} 4. e3 {[%clk 1:31:52]} Bg7
{[%clk 1:31:33]} 5. Bd3 {[%clk 1:31:55]} O-O {[%clk 1:31:35]} 6. c3 {[%clk
1:32:13]} d6 {[%clk 1:31:51]} 7. h3 {[%clk 1:32:25]} Qe8 {[%clk 1:29:34]} 8. Bh2
{[%clk 1:31:01]} Nc6 {[%clk 1:28:29]} 9. O-O {[%clk 1:30:58]} Kh8 {[%clk
1:28:39]} 10. Na3 {[%clk 1:29:36]} e5 {[%clk 1:25:57]} 11. dxe5 {[%clk 1:29:38]}
dxe5 {[%clk 1:26:10]} 12. Bb5 {[%clk 1:30:00]} Nh5 {[%clk 1:23:39]} 13. Nc4
{[%clk 1:23:25]} f4 {[%clk 1:19:45]} 14. exf4 {[%clk 1:23:25]} exf4 {[%clk
1:18:21]} 15. Re1 {[%clk 1:14:22]} Qf7 {[%clk 1:16:16]} 16. Bxc6 {[%clk 0:53:35]}
Qxc4 {[%clk 1:14:05]} 17. Bd5 {[%clk 0:53:39]} Qa6 {[%clk 1:12:15]} 18. Ng5
{[%clk 0:50:47]} Qf6 {[%clk 1:11:35]} 19. Nf7+ {[%clk 0:50:59]} Kg8 {[%clk
1:10:33]} 20. Ng5+ {[%clk 0:51:15]} Kh8 {[%clk 1:10:46]} 21. Nf7+ {[%clk
0:51:42]} Kg8 {[%clk 1:11:08]} 1/2-1/2